000 01049nam0a22002531 4500
001 rc\1158283
005 20041129084931.6
035 _a(NLR Aleph) 006403011
090 _a5266000
_c5266000
100 _a20041129d1980 u |0rusy50 ca
101 0 _arus
102 _aRU
105 _aa |||||||||
200 1 _aПослепосадочная депрессия роста ели в культурах и способы ее снижения
_eМетод. указания
_fГос. ком. СССР по лесн. хоз-ву, Ленингр. НИИ лесн. хоз-ва
_g[Сост.: В.В. Вячкилев и др.]
210 _aЛ.
_cЛенНИИЛХ
_d1980
215 _a46 с.
_cил.
_d20
320 _aБиблиогр.: с. 45
702 1 _aВячкилев
_bВ. В.
_gВладимир Валентинович
_4220
712 0 2 _aЛенинградский НИИ лесного хозяйства
_3RU\NLR\AUTH\889969523
801 0 _aRU
_bNLR
_gpsbo
801 1 _aRU
_bELAR
_2rusmarc
852 _aNLR
_j81-4/15106
942 _cBOOK
980 _aNB